000 01158nam a2200241Ia 4500
999 _c36165
_d36165
001 2067
003 GE_BSU
005 20190513211717.0
008 181216s2000||||ge |||||||||||||| ||geo||
020 _a9992877634
040 _cGE_BSU
041 _ageo
080 _a547(075.8)
100 _aსამსონია, შ.
_91091
245 _aორგანული ქიმიის საფუძვლები :
_bსახელმძღვანელო /
_cშ. სამსონია, ს. ადამია, მ. გვერდწითელი ; რედ. ნ. ალექსიძე ; დ. უგრეხელიძე.
264 _aთბილისი :
_bთბილისის უნივერსიტეტის გამომცემლობა,
_c2000.
300 _a450 გვ. ;
_b19 სმ.
653 _aორგანული ქიმია
700 _aადამია, სერგო
_eავტორი
_91092
700 _aგვერდწითელი, მ.
_eავტორი
_91093
700 _aალექსიძე, ნ.
_eრედაქტორი
_91094
942 _cBK
_2udc